Normal view
MARC view
- Mcfarland, D.Michael Srinivasan, A.V
Entry Personal Name
001 - CONTROL NUMBER
- control field: 57981
003 - CONTROL NUMBER IDENTIFIER
- control field: NUST
005 - DATE AND TIME OF LATEST TRANSACTION
- control field: 20210628202030.0
008 - FIXED-LENGTH DATA ELEMENTS
- fixed length control field: 210628|| aca||aabn | a|a d
040 ## - CATALOGING SOURCE
- Original cataloging agency: NUST
- Transcribing agency: NUST
100 ## - HEADING--PERSONAL NAME
- Personal name: Mcfarland, D.Michael Srinivasan, A.V
670 ## - SOURCE DATA FOUND
- Source citation: Work cat.: (NUST): Mcfarland, D.Michael Srinivasan, A.V, Smart structures,, 2001
